Turkey National Team Players - Statistics

General Stats
  • This quiz has been taken 28 times
  • The average score is 19 of 26
Answer Stats
Hint Answer % Correct
Galatasaray DF Abdülkerim Bardakçı
95%
Manchester United GK Altay Bayındır
95%
Real Madrid FV Arda Güler
95%
Brighton & Hove Albion DF Ferdi Kadıoğlu
95%
İnter Milan OS Hakan Çalhanoğlu
95%
Juventus FC FV Kenan Yıldız
95%
Beşiktaş GK Mert Günok
95%
Benfica FV Kerem Aktürkoğlu
86%
Al-Ahli DF Merih Demiral
86%
Trabzonspor GK Uğurcan Çakır
86%
Galatasaray FV Barış Alper Yılmaz
82%
Benfica OS Orkun Kökçü
82%
Borussia Dortmund OS Salih Özcan
73%
Galatasaray FV Yunus Akgün
73%
Fenerbahçe FV Cenk Tosun
68%
Fenerbahçe OS İsmail Yüksek
68%
AS Roma DF Zeki Çelik
68%
Fenerbahçe FV İrfancan Kahveci
64%
Ajax DF Ahmetcan Kaplan
59%
Galatasaray OS Kaan Ayhan
59%
Fenerbahçe DF Mert Müldür
59%
Çaykur Rizespor DF Samet Akaydın
59%
Beşiktaş FV Semih Kılıçsoy
59%
Trabzonspor OS Okay Yokuşlu
55%
Olimpiakos FV Yusuf Yazıcı
55%
Getafe FC FV Bertuğ Yıldırım
32%
No matching quizzes found
Score Distribution
Percent of People with Each Score
Percentile by Number Answered
Your Score History
You have not taken this quiz